Normal view
MARC view
- WITCZAK, YODER
Entry Personal Name
001 - CONTROL NUMBER
- control field: 86699
003 - CONTROL NUMBER IDENTIFIER
- control field: NUST
005 - DATE AND TIME OF LATEST TRANSACTION
- control field: 20211215161917.0
008 - FIXED-LENGTH DATA ELEMENTS
- fixed length control field: 211215|| aca||aabn | a|a d
040 ## - CATALOGING SOURCE
- Original cataloging agency: NUST
- Transcribing agency: NUST
100 ## - HEADING--PERSONAL NAME
- Personal name: WITCZAK, YODER
670 ## - SOURCE DATA FOUND
- Source citation: Work cat.: (NUST): WITCZAK, YODER., PRINCIPLES OF PAVEMENT DESIGN /, 1975.
